| 000 | 00780nam a2200301Ia 4500 | ||
|---|---|---|---|
| 001 | Z_3160 | ||
| 003 | CHAP | ||
| 008 | 220113s1977 xx 000 0 und d | ||
| 010 | _a166269 | ||
| 040 | _cCHAP | ||
| 082 | _a636.0894 H3 | ||
| 100 |
_aHall, H T B _952322 |
||
| 245 |
_aDiseases and parasites of livestock in the tropics / _cby H. T. B. Hall |
||
| 260 |
_aLondon : _bLogman, _c1977 |
||
| 300 | _a288 p. ; ilus. | ||
| 440 |
_aIntermediate tropical agriculture series _959530 |
||
| 500 | _a | ||
| 503 | _a | ||
| 650 |
_aGanadería _xTrópicos _944856 |
||
| 650 |
_aGanado _xEnfermedades _944909 |
||
| 650 |
_aGanado _xParásitos _944939 |
||
| 901 | _a636.0894 H3 | ||
| 902 | _aA | ||
| 910 | _a1977 | ||
| 942 | _c1 | ||
| 942 | _cc1 | ||
| 999 |
_c166269 _d166269 |
||